Stati per minore tasso di natalità - Asia - Statistics

Statistiche generali
  • Questo quiz è stato fatto 4 volte
  • Il punteggio medio è 8 su 10
Statistiche sulle risposte
Tasso di natalità (nati / 1000 abitanti) Nazione % Corretto
9,69 Cina
100%
6,95 Corea del Sud
100%
10,79 Georgia
100%
6,90 Giappone
100%
8,94 Singapore
100%
10,76 Emirati Arabi Uniti
67%
9,27 Qatar
67%
9,22 Russia
67%
10,04 Thailandia
67%
10,37 Cipro
0%
Nessun quiz corrispondente trovato
Distribuzione punteggi
Percentuale di utenti per punteggio
Percentile per numero di risposta
I tuoi punteggi nel tempo
Non hai fatto questo quiz